Process titovskich špionov i vreditelej v Čechoslovakii : Sefik Kevič i jego soobščniki.

Uložené v:
Podrobná bibliografia
Médium: Kniha
Jazyk:Russian
Czech
Vydané: [Praha] : Orbis, 1950.
Vydanie:1. izd.
ISBN: (brož.)
Fyzický popis: 79, [2] s.
Tagy: Pridať tag
Žiadne tagy, Buďte prvý kto otaguje tento záznam!

MARC

LEADER 00000nam a22000001 4500
001 000525905
005 20161030210058.0
008 981022 1950 xr e rus d
020 |a (brož.) 
040 |a SVKKK  |b slo  |c SVKKK  |e AACR2 
041 1 |a rus  |h cze 
044 |a xr  |c CZ 
245 0 0 |a Process titovskich špionov i vreditelej v Čechoslovakii :  |b Sefik Kevič i jego soobščniki. 
250 |a 1. izd. 
260 |a [Praha] :  |b Orbis,  |c 1950. 
300 |a 79, [2] s. 
500 |a Prel. z č. Izdano Min. Inf. a Kultury pri sodejstvii Min. Justicii 
910 |a svkkk 
998 |a BK 
090 |g SCKHL  |k Sklad Pribinova 2. posch.  |a III.32742  |j 95806  |i 525905-10  |4 Zastaraná  |s Vyradená